=LDR 00000nam 2200000 4500 =001 INLIS000000000004201 =005 20130612092459 =008 ***********************************Ind** =035 ##$$0010-061300000004201 =041 ##$$a Ind =082 ##$$a 659.157 =090 ##$$a 659.157, Cas s =100 ##$$a Casson, Herbert N =245 ##$$a Seni dan daya tarik etalase / Herbart N. Casson; penerjemah LH. Pranoto. -- =260 ##$$a 1992 $b Jakarta : Pustaka Pembangunan Swadaya Nusantara =300 ##$$a x, 66 hlm. : 20 cm =650 ##$$a Etalase =700 ##$$a Pranoto =850 ##$$a NBPNMAT